000 00363 a2200157 4500
001 188908
020 _a978-85-7676-735-0
040 _cMagnum
100 _aStine, Robert Lawrence
240 1 0 _aGoosebumps horrorland 1
_lpor
245 1 0 _aGoosebumps horrorland 1
300 _a98
362 0 _a2010
697 _aLITERATURA JUVENIL ESTRANGEIRA
942 _cBK
999 _c188908
_d188908